000 01103cam a22001934a 4500
005 20250605164203.0
008 250528s ||||||||||||||||||||||||d
035 _a19824
020 _a9603511005
040 _aGR-AtMCL
_bgre
_dGR-AtMCL
_eAACR2
245 1 _aΣτρατηγική Διοίκηση Επωνύμου Προϊόντος.
_nΤόμος Ά
260 _bΣταμούλης,
_c1996
300 _a632
520 _aΗ Στρατηγική Διοίκησης Προϊόντος, Οι Διάφορες Οργανωτικές Δομές και η Στρατηγική Διοίκηση Προϊόντος, Οργανόγραμμα Επιχειρήσεων, Η Θέση της Διοίκησης Προϊόντος και η Προέλευση της, Ο Διοικητής του Προϊόντος στην Πράξη, Χαρακτηριστικά και Σταδιοδρομία και Υποκίνηση και Έλεγχος του Διοικητή Προϊόντος.
700 1 _aΠανηγυράκης Γεώργιος Γ
_91742
942 _cBK
999 _c5071
_d5071